Entry Nombre personal
001 - NÚMERO DE CONTROL
- campo de control: 18175
003 - IDENTIFICADOR DE NÚMERO DE CONTROL
- campo de control: SpMaBN
005 - FECHA Y HORA DE LA ÚLTIMA TRANSACCIÓN
- campo de control: 20230905191204.0
008 - ELEMENTOS DE DATO DE LONGITUD-FIJA
- campo de control de longitud fija: 890621nn ainnnaabn n aaa d
016 ## - NÚMERO DE CONTROL DE UNA AGENCIA BIBLIOGRÁFICA NACIONAL
- Número de control del registro: BNE20010190145
024 7# - IDENTIFICADOR DE OTROS ESTÁNDARES
- Número estándar o código: http://viaf.org/viaf/6163155602301310679/
- Fuente: viaf
040 ## - FUENTE DE CATALOGACIÓN
- Centro catalogador/agencia de origen: SpMaBN
- Lengua de catalogación: spa
- Centro/agencia transcriptor: SpMaBN
- Normas de descripción: rdc
- Convención/Normas de encabezamiento de materia/tesauro: embne
046 ## - FECHAS CON CODIFICACIÓN ESPECIAL
- Fecha de nacimiento: 1872
- Fecha de la muerte: 1955~
- Fuente del esquema de fecha: edtf
100 1# - ENCABEZAMIENTO-NOMBRE DE PERSONA
- Nombre de persona: Abril y Ochoa, José,
- Fechas asociadas al nombre: ca.1872-1955
370 ## - LUGAR ASOCIADO
- Lugar de nacimiento: España, Castilla y León, Palencia (Provincia), Palencia
370 ## - LUGAR ASOCIADO
- Lugar de fallecimiento: España, Madrid (Comunidad Autónoma), Madrid
373 ## - GRUPO ASOCIADO
- Grupo asociado: Ateneo de Madrid
- Fuente de información: Cargos históricos del Ateneo de Madrid 1835-1936 (Archivo del Ateneo); Listado de socios anteriores a 1 de abril de 1939 (Archivo del Ateneo)
374 ## - OCUPACIÓN
- Ocupación: Abogados
375 ## - GÉNERO/SEXO
- Género: Masculino
377 ## - IDIOMA ASOCIADO
- Término de lengua/lenguaje: Español
400 1# - TRAZADO DE VÉASE--NOMBRE DE PERSONA
- Nombre de persona: Abril Ochoa, José,
- Fechas asociadas al nombre: ca. 1872-1955
670 ## - FUENTE DE DATOS ENCONTRADOS
- Cita de la fuente: Tiempos primitivos del derecho español
- Información encontrada: portada (por José Abril y Ochoa)
670 ## - FUENTE DE DATOS ENCONTRADOS
- Cita de la fuente: WWW PARES aut., 01-06-2021
- Información encontrada: (Abril Ochoa, José. Nacido en Palencia hacia 1873. Doctor en Derecho)
- Identificador Uniforme de Recursos: http://pares.mcu.es/ParesBusquedas20/catalogo/autoridad/157515
670 ## - FUENTE DE DATOS ENCONTRADOS
- Cita de la fuente: ABC Hemeroteca, 29-12-2020
- Información encontrada: 9-4-1955 (José Abril y Ochoa, ex director general de prisiones, ex diputado a Cortes, ex concejal falleció en Madrid el día 8 de abril de 1955)
- Identificador Uniforme de Recursos: https://www.abc.es/archivo/periodicos/abc-madrid-19550409-63.h tml
670 ## - FUENTE DE DATOS ENCONTRADOS
- Cita de la fuente: WWW BN España aut., 05/09/2023
- Información encontrada: (Abril y Ochoa, José, ca.1872-1955)
678 ## - DATOS BIOGRÁFICOS O HISTÓRICOS
- Datos biográficos o históricos: Socio del Ateneo de Madrid n. 6327. Secretario tercero de la Sección de Ciencias Morales y Políticas en 1896-98
- Ampliación de la nota: Fuentes: Cargos históricos del Ateneo de Madrid 1835-1936 (Archivo del Ateneo); Listado de socios anteriores a 1 de abril de 1939 (Archivo del Ateneo)
